000 00329pab a2200145 454500
008 180718b2005 xxu||||| |||| 00| 0 eng d
100 _aGautam, P.K.
245 _aBeyond the indus water treaty
260 _c2005
300 _ap.25-26.
362 _a21 May
650 _aWater supply
773 _aMainstream
909 _a65357
999 _c65357
_d65357